| 000 | 01145cai a22002415a 4500 | ||
|---|---|---|---|
| 001 | L149715 | ||
| 008 | 100414u2009 xxk g 000 0 eng d | ||
| 035 | _a(Sirsi) u149715 | ||
| 041 | 0 | _aeng | |
| 050 | _a338.4569 $2 18 | ||
| 110 | 2 |
_aAsset Skills _95165 |
|
| 245 | 0 | 0 |
_aLow carbon cluster _bsector skills assessment report _h[electronic resource] |
| 260 |
_a[S.I.] _b[s.n.] _c2009 |
||
| 520 | _aThis report is the result of a collaboration of 11 Sector Skills Councils responsible for much of the low carbon cluster and transforming the industry into a low carbon economy; this demands involvement from all employers and the report provides an overview of low carbon industries and of the skills needs affecting them including construction; mentions RICS campaign on page 58. | ||
| 590 | _aKA | ||
| 651 | 4 |
_aUnited Kingdom _y |
|
| 690 | _aBUILT ENVIRONMENT | ||
| 710 | 2 | _aCogent | |
| 710 | 2 |
_aConstruction Skills _95689 |
|
| 710 | 2 | _aEngineering Construction Industry Training Board | |
| 856 | 4 | 0 |
_uhttps://www.euskills.co.uk/home/resources/986/Low+Carbon+Cluster+ _z View the website free of charge at www.euskills.co.uk |
| 942 | _n0 | ||
| 999 |
_c120847 _d120847 |
||